|
|
|
|
| LEADER |
01344nam a2200301 a 4500 |
| 001 |
2926307 |
| 008 |
120329t19961990enka b 101 0 eng |
| 010 |
|
|
|a 89022247
|
| 020 |
|
|
|a 0521384109
|
| 020 |
|
|
|a 0521387957 (pbk.)
|
| 040 |
|
|
|a DLC
|c DLC
|d DLC
|d BD-DhAAL
|
| 050 |
0 |
0 |
|a P51
|b .D48 1990
|
| 082 |
0 |
0 |
|a 418/.007
|2 20
|
| 245 |
0 |
4 |
|a The Development of second language proficiency /
|c edited by Birgit Harley ... [et al.].
|
| 260 |
|
|
|a Cambridge ;
|a New York :
|b Cambridge University Press,
|c 1990 [printing 1996].
|
| 300 |
|
|
|a xiv, 248 p. :
|b ill. ;
|c 24 cm.
|
| 490 |
0 |
|
|a The Cambridge applied linguistics series
|
| 500 |
|
|
|a Papers prepared for a symposium held at the Ontario Institute for Studies in Education, November 1987.
|
| 504 |
|
|
|a Includes bibliographical references (p. 227-240).
|
| 541 |
|
|
|e 00024855
|
| 650 |
|
0 |
|a Language and languages
|x Study and teaching
|x Congresses.
|
| 650 |
|
0 |
|a Second language acquisition
|x Congresses.
|
| 650 |
|
0 |
|a Bilingualism
|x Congresses.
|
| 700 |
1 |
|
|a Harley, Birgit.
|
| 710 |
2 |
|
|a Ontario Institute for Studies in Education.
|
| 852 |
1 |
|
|a Ayesha Abed Library
|c General shelf.
|
| 999 |
|
|
|c 12057
|d 12057
|
| 952 |
|
|
|0 0
|1 0
|2 ddc
|4 0
|6 418_007000000000000_DEV
|7 0
|9 19852
|a BRACUL
|b BRACUL
|c GEN
|d 2012-03-28
|e karim International
|g 2654.00
|l 2
|m 17
|o 418.007 DEV
|p 3010024855
|r 2015-12-06
|s 2015-07-26
|t 1
|w 2012-03-29
|y BK
|